| 000 -GUIDE |
| Champ de contrôle de longueur fixe |
00816nam a22002177a 4500 |
| 003 - IDENTITÉ DU NUMÉRO DE CONTRÔLE |
| Champ de contrôle |
BI-BuBU |
| 008 - ÉLÉMENTS DE LONGUEUR FIXE - RENSEIGNEMENTS GÉNÉRAUX |
| Champ de contrôle de longueur fixe |
210112b2 b fr|||| 00| 0 fre d |
| 037 ## - SOURCE D'ACQUISITION |
| Source d'acquisition et du numéro d'inventaire |
Don |
| 039 ## - NIVEAU DE CONTRÔLE BIBLIOGRAPHIQUE ET HISTORIQUE D'ENCODAGE [OBSOLETE] |
| Date creation |
20210112111305.0 |
| Nom catalographe |
Fulgence Hakizimana |
| 040 ## - SOURCE DU CATALOGAGE |
| Organisme qui a effectué le catalogage original |
BI-BuBU |
| Code de la langue utilisée dans le catalogage |
fre |
| Organisme qui a effectué la transcription |
BI-BuBU |
| Organisme qui a effectué la modification |
BI-BuBU |
| 080 ## - INDICE DE LA CLASSIFICATION DÉCIMALE UNIVERSELLE (CDU) |
| Indice de la Classification décimale universelle |
517.98 . |
| 100 10 - VEDETTE PRINCIPALE - NOM DE PERSONNE |
| Code de relation |
aut. |
| Nom de personne |
Ndayiragije, François |
| 245 10 - MENTION DU TITRE |
| Titre |
Syllabus du cours de : Analyse fonctionnelle, Bac III : Maths, volume horaire : 60heures(45h de théorie et 15 h d'exercices) |
| Mention de responsabilité, etc. |
François Ndayiragije |
| 260 ## - PUBLICATION, DIFFUSION, ETC. (ADRESSE BIBLIOGRAPHIQUE) |
| Lieu de publication, diffusion, etc. |
Bujumbura |
| Nom de l'éditeur, diffuseur, etc. |
Université du Burundi, Faculté des sciences, BacIII :Maths |
| Date of publication, distribution, etc |
2020 |
| 300 ## - DESCRIPTION MATÉRIELLE |
| Collation |
82p. |
| Dimensions |
30 Cm |
| 650 #7 - VEDETTE-MATIÈRE - NOM COMMUN |
| Source du terme |
BI-BuBU |
| Vedette de sujet ou vedette comportant un nom géographique |
Analyse fonctionnelle |
| 9 (RLIN) |
84449 |
| 655 #7 - TERME D'INDEXATION - GENRE OU FORME |
| Source du terme |
BI-BuBU |
| Terme non dominant |
Syllabus |
| 710 ## - VEDETTE SECONDAIRE - NOM DE COLLECTIVITÉ |
| Code de relation |
aut. |
| Nom de la collectivité ou nom de lieu comme élément de classement |
Université du Burundi |
| Collectivité subordonnée |
Faculté des sciences. |
| 942 ## - ÉLÉMENTS D'ENTRÉE ADDITIONNELLE (KOHA) |
| Source de la classification ou du système de rangement |
|
| Type d item koha |
BOOK |